Statistics for Capital Cities Anagram Puzzle #1

Click here to take the quiz!

General Stats

  • This quiz has been taken 304 times
  • The average score is 13 of 21

Answer Stats

Hint Answer % Correct
OREYRome
98%
TOOKITokyo
98%
SOFAMSofia
95%
ORCANCairo
94%
SKINUMinsk
93%
BLINDNDublin
90%
NAIVEIVienna
89%
TABOONBogota
76%
DARKGDakar
68%
UPDATESOBudapest
56%
VENETIANEVientiane
52%
HASTEAAthens
51%
BARGEBZagreb
51%
EARTHZTehran
44%
LAMBADASAIslamabad
42%
HUSBANDODushanbe
38%
EUROSIRoseau
36%
CASINOENicosia
34%
AGAINSTISantiago
32%
WELLINGLilongwe
31%
AIRPORTIPretoria
28%

Score Distribution

Percentile by Number Answered

Percent of People with Each Score

Your Score History

You have not taken this quiz